| 000 | 00774nam a22002297a 4500 | ||
|---|---|---|---|
| 005 | 20150318171225.0 | ||
| 008 | 140714b xxu||||| |||| 00| 0 Urdu d | ||
| 010 | _aUR-8741 | ||
| 020 | q |
_c700.00 _a9789380279138 |
|
| 035 | _aU-7296 | ||
| 037 | _bDBAD/Pub. | ||
| 040 |
_aDPL _bUrdu |
||
| 082 | _a440 | ||
| 100 | _aر ضو ی،جعفر ا مير | ||
| 110 | _b- | ||
| 245 |
_aفر ہنگ ا مير ا ر د و کی د اير ۂ ا لمعا ر ف لغت _cر ضو ی،جعفر ا مير |
||
| 246 |
_aFarhang-e-Ameer _bBy Syed Jafar Amir Rizvi |
||
| 260 |
_aد ھلی _bShahid Publications _c2010 |
||
| 270 |
_a2253,Resham Street,Kucha Chelan, Darya Ganj, _bNew Delhi _e110002 |
||
| 300 |
_a379ص _c22Cm (Hb) |
||
| 942 |
_2ddc _cUR _h440 _mر ض و |
||
| 999 |
_c92317 _d92317 |
||